000 00550nam a2200181Ia 4500
005 20250508155239.0
008 008 250505s9999 xx 000 0 eng d
037 _aBooks to be hide in OPAC
040 _aFEDL
_beng
_cFEDL
041 _aeng
_2eng
084 _a378.54, DEL/O
_qFEDL
245 0 _aUniversity of Delhi: Basic information on law and procedure relating to governance of colleges
245 0 _cUNIVERSITY OF DELHI
260 _c1973
300 _avi,243p.
942 _cHB
_h378.54, DEL/O
999 _c1355495
_d1355495